Famous People Named Lucas - Statistics

General Stats
  • This quiz has been taken 491 times
  • The average score is 7 of 20
Answer Stats
Clue Person % Correct
Twin who grew up on Tatooine Luke Skywalker
77%
Brother of Liam and Chris Luke Hemsworth
76%
Movie star brother of Owen Luke Wilson
69%
We love this 1950s TV comedienne Lucille Ball
67%
One of the Three Tenors Luciano Pavarotti
59%
"Charlie's Angels" actress Lucy Liu
59%
Greatest Croatian footballer Luka Modrić
50%
Mavericks' Slovenian star Luka Dončić
49%
French Minister of the Interiorwhose brother conquered Europe Lucien Bonaparte
31%
Director of "The Fifth Element", "Léon: The Professional" and "Lucy" Luc Besson
28%
English female footballer whoselast name is a type of metal Lucy Bronze
28%
Roman patrician for whom an Ohioan city is named Lucius Quinctius Cincinnatus
26%
Marvel superhero whose skin is hard as steel Luke Cage
23%
Actress of Aria in "Pretty Little Liars" Lucy Hale
11%
Played Bard in "The Hobbit" series Luke Evans
11%
Director of "Call me by your name","Bones and All" and "I Am Love" Luca Guadagnino
9%
"Country Girl" country singer Luke Bryan
8%
2009 U.S. Open golf champion Lucas Glover
7%
Roman emperor who co-ruledalongside Marcus Aurelius Lucius Verus
6%
"Cool Hand Luke" protagonist Luke Jackson
4%
No matching quizzes found
Score Distribution
Percent of People with Each Score
Percentile by Number Answered
Your Score History
You have not taken this quiz